000 00580nam a22001817a 4500
005 20251108172454.0
008 250721s9999 xx 000 0 ara d
082 1 4 _a922.76مقد
100 1 _aمقدسي، بهاء الدين عبد الرحمن بن ابراهيم
245 1 0 _aمحنة الامام احمد بن حنبل /
264 1 _aالقاهرة :
_bمركز الكتاب للنشر،
300 _a135ص
650 1 7 _aالفقهاء المسلمون
650 1 7 _aالتراجم
650 1 7 _aالمذهب الحنبلي
942 _2ddc
_cBK
999 _c80218
_d80218